| 000 | 01905nam a2200553 i 4500 | ||
|---|---|---|---|
| 001 | 51176 | ||
| 003 | KOSZ 005 | ||
| 005 | 20221107111710.0 | ||
| 008 | 060425s2005 pl a f f |000 0 pol | ||
| 015 | _aPB 2006/13311 | ||
| 020 | _a837199365X | ||
| 035 | _a991030405549705066 | ||
| 035 | _a(PL-WaBN)b18196202-48omnis_nlop | ||
| 035 | _ab18196202 | ||
| 035 | _a(OCoLC)830774798 | ||
| 035 | _a(PL)b0000001819620 | ||
| 035 | _a(EXLNZ-48OMNIS_NETWORK)9910204918705606 | ||
| 040 |
_aWA N _cWA N _dKOSZ 005/HR |
||
| 046 | _k2005 | ||
| 080 | _a616-07 | ||
| 080 | _a57.08 | ||
| 080 | _a615.47 | ||
| 080 | _a577.3 | ||
| 080 | _a(075.8) | ||
| 100 | 1 |
_aDziuban, Ewa _eAutor |
|
| 245 | 1 | 0 |
_aTechnika pomiarowa w medycynie : _bwybrane zagadnienia : laboratorium / _cEwa Dziuban, Barbara Wilk, Paweł Potyrański. |
| 260 |
_aRzeszów : _bOficyna Wydawnicza Politechniki Rzeszowskiej, _c2005. |
||
| 300 |
_a66, [1] s., [9] k. tabl. luz. : _bil. ; _c24 cm. |
||
| 336 |
_2rdacontent _aTekst _btxt |
||
| 337 |
_2rdamedia _aBez urządzenia pośredniczącego _bn |
||
| 338 |
_2rdacarrier _aWolumin _bnc |
||
| 380 | _aKsiążki | ||
| 380 | _aPublikacje dydaktyczne | ||
| 385 |
_mPoziom nauczania _aSzkoły wyższe |
||
| 388 | _a2001- | ||
| 504 | _aBibliogr. s. [67]. | ||
| 521 | 8 | _aDla studentów Wydz. Elektrotechniki i Informatyki. | |
| 650 | 7 |
_aInżynieria biomedyczna _2DBN |
|
| 650 | 7 |
_aDiagnostyka medyczna _2DBN |
|
| 655 | 7 |
_aPodręczniki akademickie _2DBN |
|
| 658 | _aInżynieria i technika | ||
| 658 | _aMedycyna i zdrowie | ||
| 700 | 1 |
_aPotyrański, Paweł _eAutor |
|
| 700 | 1 |
_aWilk, Barbara _eAutor |
|
| 710 | 2 |
_aOficyna Wydawnicza Politechniki Rzeszowskiej _4pbl |
|
| 856 |
_uhttp://koha.tu.koszalin.pl/cgi-bin/koha/opac-detail.pl?biblionumber=51176 _yKatalog online BPK |
||
| 942 |
_2UKD _cKS |
||
| 999 |
_c51176 _d51176 |
||